Самые употребляемые слова в русском языке - Statistics

General Stats
  • This quiz has been taken 59 times
  • The average score is 29 of 100
Answer Stats
Слово % Correct
в
96%
а
95%
о
95%
к
93%
и
89%
по
84%
я
82%
у
82%
на
80%
с
80%
ты
71%
не
70%
мы
70%
он
68%
она
63%
за
63%
при
63%
вы
61%
что
59%
до
57%
но
55%
они
55%
как
52%
то
52%
под
52%
из
46%
кто
45%
со
41%
где
41%
во
39%
бы
38%
от
36%
ли
34%
это
32%
так
32%
же
32%
или
30%
когда
30%
её
30%
их
30%
его
25%
мой
25%
ну
25%
этот
23%
один
21%
два
21%
там
21%
для
20%
если
20%
тот
18%
ещё
18%
наш
18%
сам
16%
день
16%
сейчас
16%
тут
16%
быть
14%
все
13%
время
13%
раз
13%
год
11%
чтобы
11%
какой
11%
потом
11%
который
9%
свой
9%
человек
9%
уже
9%
вот
9%
рука
9%
работа
9%
самый
9%
надо
9%
идти
9%
такой
7%
только
7%
себя
7%
говорить
7%
знать
7%
без
7%
иметь
7%
сказать
5%
дело
5%
жизнь
5%
после
5%
весь
4%
первый
4%
очень
4%
новый
4%
можно
4%
хотеть
4%
слово
4%
мочь
2%
другой
2%
стать
2%
даже
2%
большой
2%
должен
0%
место
0%
ничто
0%
No matching quizzes found
Score Distribution
Percent of People with Each Score
Percentile by Number Answered
Your Score History
You have not taken this quiz